000 00710nam a2200229Ii 4500
003 JO-AjNU
008 230605s9999||||xx |||||||||||||| ||und||
017 _a2011/11/4196
020 _a978-9957-30-341-9
040 _aJO-AjNU
_bara
_erda
_cJO-AjNU
041 _aara
050 1 4 _aPJ7862 2012
100 3 _aتأليف الزهيري، علي,
_eauthor
_950177
245 0 0 _aسردية الغرباء
250 _aط1
264 3 1 _aعمان:دار فضاءات للنشر والتوزيع،2012
300 _a180ص
336 _atext
_btxt
_2rdacontent
337 _aunmediated
_bn
_2rdamedia
338 _avolume
_bnc
_2rdacarrier
650 4 _aالشعر العربي - العصر الحديث
_950178
999 _aA22087
_c25655
_d25655